L'économie de marché
Na minha lista:
| Autor principal: | |
|---|---|
| Formato: | Livro |
| Idioma: | francês |
| Publicado em: |
Paris
Presses Universitaires de France
1994
|
| Colecção: | Que sais - je ?
2768 |
| Assuntos: | |
| Tags: |
Sem tags, seja o primeiro a adicionar uma tag!
|
MARC
| LEADER | 00000nam$a2200000$$$4500 | ||
|---|---|---|---|
| 001 | 0115571 | ||
| 005 | 20240111124557.8 | ||
| 020 | |a 2-13-045638-3 | ||
| 041 | 0 | |a fre | |
| 044 | |a FR | ||
| 245 | 1 | 0 | |a L'économie de marché |c Jean Rivoire |
| 264 | 1 | |a Paris |b Presses Universitaires de France |c 1994 | |
| 300 | |a 127 s. | ||
| 490 | 1 | |a Que sais - je ? |v 2768 | |
| 830 | 0 | |a Que sais - je ? |v 2768 | |
| 610 | 2 | 0 | |a ekonómia |
| 610 | 2 | 0 | |a teórie ekonomické |
| 610 | 2 | 0 | |a hospodárstvo národné |
| 100 | 1 | |a Rivoire, Jean | |